Rudimentos de Geometría

Gespeichert in:
Bibliographische Detailangaben
1. Verfasser: Bartrina y Capella, JM Autor, Catedrático de Matemáticas en el Instituto general y técnico de Barcelona
Format: keine Angabe
Sprache:Spanisch
Erschienen: Barcelona Altés y Alabart 1909
Katalog:MANES:  Suchergebnis im Bibliothekskatalog
Schulbuchspezifische Eigenschaften:
Schlagworte:
Tags: Tag hinzufügen
Keine Tags, Fügen Sie den ersten Tag hinzu!
Hinzugefügt zu:26.04.2016

MARC

LEADER 000000000a22000000004500
001 39843
008 160427s sp ||||| |||| 00| 0 spa d
040 |a MANES  |c manes 
100 1 |a Bartrina y Capella, JM  |b Autor, Catedrático de Matemáticas en el Instituto general y técnico de Barcelona  
245 0 0 |a Rudimentos de Geometría 
260 |a Barcelona  |b  Altés y Alabart  |c 1909 
300 |a 119p.  |c 13 x 19,5 cm 
546 |a España 
650 7 |a Matemáticas 
655 7 |a Secundaria 
942 |2 ddc  |c BK 
999 |c 44159  |d 44159 
999 |c manes:44159  |d 44159